Divulgación de los misterios del átomo / (Record no. 78680)

MARC details
000 -LEADER
campo de control de longitud fija 00659nam a2200181 i 4500
001 - NÚMERO DE CONTROL
campo de control 78680
003 - IDENTIFICADOR DE NÚMERO DE CONTROL
campo de control ES-MaACL
005 - FECHA Y HORA DE LA ÚLTIMA TRANSACCIÓN
campo de control 20230906173801.0
007 - CAMPO FIJO DE DESCRIPCIÓN FÍSICA--INFORMACIÓN GENERAL
campo de control de longitud fija t|
008 - DATOS DE LONGITUD FIJA--INFORMACIÓN GENERAL
campo de control de longitud fija 041015q1957 sp ||||1| spa d
100 1# - ENTRADA PRINCIPAL--NOMBRE DE PERSONA
Nombre de persona Hecht, Selig.
9 (RLIN) 62274
245 10 - MENCIÓN DEL TÍTULO
Título Divulgación de los misterios del átomo /
Mención de responsabilidad, etc. Selig Hecht ; revisada y ampliada con cuatro capítulos adicionales por Eugenio Rabinowitch ; versión española de Federico Armenter.
260 ## - PUBLICACIÓN, DISTRIBUCIÓN, ETC.
Lugar de publicación, distribución, etc. Barcelona :
Nombre del editor, distribuidor, etc. Betis,
Fecha de publicación, distribución, etc. [1957?]
300 ## - DESCRIPCIÓN FÍSICA
Extensión 242 p. :
Otras características físicas il. ;
Dimensiones 20 cm.
700 1# - ENTRADA AGREGADA--NOMBRE PERSONAL
Nombre de persona Rabinowitch, Eugenio.
9 (RLIN) 94869
700 1# - ENTRADA AGREGADA--NOMBRE PERSONAL
Nombre de persona Armenter de Monasterio, Federico.
9 (RLIN) 22956
852 ## - LOCALIZACIÓN
Ubicación ES-MaACL
Número de control de estantería C-14064
Sublocalización o colección R.41902
Holdings
Estatus retirado Estado de pérdida Estado de daño No para préstamo Biblioteca de origen Biblioteca actual Ubicación en estantería Fecha de adquisición Fuente de adquisición Total de préstamos Signatura topográfica completa Código de barras Visto por última vez Precio de reemplazo Tipo de ítem Koha
        Biblioteca del Ateneo de Madrid Biblioteca del Ateneo de Madrid Sala Palomar 17/01/2008     C-14064 1082291 23/02/2023 23/02/2023 Libro impreso